000 00798nam a2200217 i 4500
001 75326
003 ES-MaACL
005 20230906172417.0
007 t|
008 040923s1930 sp ||||1| spa d
100 1 _aGregorio García-Serrano, Eduardo de.
_959905
245 1 0 _aProfiláxis médico-social de la sífilis
_b: discurso de ingreso /
_cEduardo de Gregorio García-Serrano ; [contestación, Angel Abós Ferrer].
260 _aZaragoza :
_b[s.n.],
_c1930 (
_fGráf. Alfredo Uriarte)
300 _a23 p. ;
_c24 cm.
500 _aPrecede al tít.: Academia de Medicina de Zaragoza.
650 0 4 _aSífilis.
_917092
700 1 _aAbós Ferrer, Ángel,
_d1878-1952
_918112
710 2 _aReal Academia de Medicina de Zaragoza.
_96323
852 _aES-MaACL
_j1742-F-2
999 _c75326
_d75326